000 00721nam a2200241Ia 4500
003 OSt
005 20220923223342.0
006 a|||||r|||| 00| 0
007 ta
008 220922b |||||||| |||| 00| 0 hin d
024 _a213,804
037 _cTextual
040 _aARTS
_cARTS
_bhin
041 _2hin
_ahin
082 _aO152,3M88,TT, L6
100 _aचतुरसेन
_9156280
245 0 _aतख्ते ताऊस
246 _aTakhte tāūsa
260 _aदिल्ली
_b प्रभात प्रका0
_c1976
650 _aहिन्दी साहित्य
_9156264
942 _hO152,3M88,TT, L6
_cTEXL
_2CC
999 _c364012
_d364012